00505 2200193 4500001002100000005001500021035002000036245007200056100002000128250000600148300003100154700001500185260003000200082000800230084001400238020002200252600002000274990001700294INLIS00000000000152220230303113257 a0010-03230000221 aPetualangan Elan & Elais /cArimbi Bimoseno; Ilustrator, Adit Galih0 aArimbi Bimoseno a- a52 hlm. :bilus. ;c20 cm.0 aAdit Galih aDepok :bKatamedia,c2016 a813 a813 ARI p a978-979-1478-70-0 4aFiksi Indonesia a05037/H/2023